Devinez l'État Américain Mystère #13 - Statistiques

Statistiques générales
  • Ce quiz a été pris 202 fois
  • Le résultat moyen est 31 sur 36
Statistiques - réponses
Type de Réponse Réponse % Correct
Lettre de l'Alphabet A
100%
Lettre Trouvée E
100%
Lettre de l'Alphabet I
100%
Lettre Trouvée N
100%
Lettre de l'Alphabet O
100%
Lettre de l'Alphabet L
99%
Lettre de l'Alphabet R
99%
Lettre Trouvée S
99%
Lettre de l'Alphabet C
95%
Lettre de l'Alphabet W
95%
Lettre de l'Alphabet M
94%
Lettre Trouvée T
94%
Lettre de l'Alphabet D
93%
Lettre de l'Alphabet H
93%
Lettre de l'Alphabet K
93%
Lettre de l'Alphabet Y
92%
Lettre de l'Alphabet G
91%
Lettre de l'Alphabet U
91%
Lettre de l'Alphabet F
90%
Lettre de l'Alphabet B
86%
Lettre de l'Alphabet V
86%
Lettre de l'Alphabet P
82%
Lettre de l'Alphabet X
82%
Lettre de l'Alphabet J
76%
Lettre Bien Placée E
73%
Lettre de l'Alphabet Z
72%
Lettre Bien Placée E
71%
Lettre Bien Placée N
71%
Lettre Bien Placée N
71%
Lettre de l'Alphabet Q
71%
Lettre Bien Placée S
71%
Lettre Bien Placée E
69%
Lettre Bien Placée E
69%
Lettre Bien Placée S
69%
Lettre Bien Placée T
69%
État Mystère Tennessee
69%
Aucun quiz correspondant
Distribution des résultats
% des personnes avec chaque résultat
Percentile par nombre de réponses
Votre historique - résultats
Vous n’avez pas pris ce quiz